Mathematical modeling of structured reactors : emphasis on catalytic combustion reactions /

Guardado en:
Autor Principal: Papadias, Dionissios.
Formato: Libro
Idioma:English
Publicado: Berlin, Germany : VDM Verlag Dr. Müller, 2009.
Materias:
Etiquetas: Agregar Etiqueta
Sin Etiquetas, Sea el primero en etiquetar este registro!
LEADER 00725nam a22001695a 4500
001 EIQ.libpla004420
008 130806s2009####gw#a#####b####000#0#eng#d
005 20130806154702.0
245 1 0 |a Mathematical modeling of structured reactors :  |b emphasis on catalytic combustion reactions /  |c Dionissios Papadias. 
260 |a Berlin, Germany :  |b VDM Verlag Dr. Müller,  |c 2009. 
300 |a 59 p. :  |b il. ;  |c 22 cm. 
504 |a Incluye referencias bibliográficas. 
020 |a 9783639165036 
100 1 |a Papadias, Dionissios. 
650 7 |a Mathematial modeling  |x Catalytic reactions  |x Combustion reactions 
650 7 |a Modelado matemático  |x Reacciones catalíticas  |x Reacciones de combustión 
859 |a AR-BbSID  |b BIB. PLAPIQUI  |h 660.2995  |i P197  |p 6309